| 000 | 00355nam a2200145Ia 4500 | ||
|---|---|---|---|
| 005 | 20251222141824.0 | ||
| 008 | 251222s9999||||xx |||||||||||||| ||spa|| | ||
| 020 | _a9786074875584 | ||
| 082 | _a025.2/B24 | ||
| 100 | _aBarnard, Amozorrutia, Alicia | ||
| 245 | 0 | _aArchivos Electrónicos: | |
| 250 | _a1ra.ed. | ||
| 264 | _bTextos y Contextos | ||
| 942 | _cLIB | ||
| 999 |
_c6901 _d6901 |
||